Tribhuvan University Central Library

Phytochemicals, plant growth, and the environment / (Record no. 76552)

MARC details
000 -LEADER
fixed length control field 01746cam a22002417a 4500
008 - FIXED-LENGTH DATA ELEMENTS--GENERAL INFORMATION
fixed length control field 120516s2013 nyua b 001 0 eng d
020 ## - INTERNATIONAL STANDARD BOOK NUMBER
International Standard Book Number 9781461440659 (alk. paper)
020 ## - INTERNATIONAL STANDARD BOOK NUMBER
International Standard Book Number 1461440653 (alk. paper)
020 ## - INTERNATIONAL STANDARD BOOK NUMBER
International Standard Book Number 9781461440666 (eBook)
040 ## - CATALOGING SOURCE
-- BTCTA
-- eng
-- BTCTA
-- UKMGB
-- SFU
-- OHX
-- XII
-- YDXCP
-- BWX
-- DLC
082 ## - DEWEY DECIMAL CLASSIFICATION NUMBER
Classification number R/572.2
Item number G154p
100 ## - MAIN ENTRY--PERSONAL NAME
Personal name Gang, David R., ed.
245 00 - TITLE STATEMENT
Title Phytochemicals, plant growth, and the environment /
260 ## - PUBLICATION, DISTRIBUTION, ETC.
Place of publication, distribution, etc. New York :
Name of publisher, distributor, etc. Springer,
Date of publication, distribution, etc. c2013.
300 ## - PHYSICAL DESCRIPTION
Extent ix, 171 p. :
Other physical details ill. (some col.) ;
Dimensions 24 cm.
490 0# - SERIES STATEMENT
Series statement Recent advanced in phytochemistry ;
Volume/sequential designation v. 42
504 ## - BIBLIOGRAPHY, ETC. NOTE
Bibliography, etc. note Bibliography at the end of each chapter
650 #0 - SUBJECT ADDED ENTRY--TOPICAL TERM
Topical term or geographic name entry element Phytochemicals.
650 #0 - SUBJECT ADDED ENTRY--TOPICAL TERM
Topical term or geographic name entry element Botanical chemistry.
9 (RLIN) 9101
700 1# - ADDED ENTRY--PERSONAL NAME
Personal name Gang, David R.
942 ## - ADDED ENTRY ELEMENTS (KOHA)
Source of classification or shelving scheme Dewey Decimal Classification
Koha item type Reference Collections
505 0# - FORMATTED CONTENTS NOTE
-- Trichothecene triangle : toxins, genes, and plant disease / Susan P. McCormick, Nancy J. Alexander, and Robert H. Proctor -- An analytical method to quantify three plant hormone families in grape berry using liquid chromatography and multiple reaction monitoring mass spectrometry / Satyanarayana Gouthu ... [et al.] -- Endophyte mycotoxins in animal health / Jennifer M. Duringer, Lia Murty, and A. Morrie Craig -- Production of traditional and novel biopolymers in transgenic woody plants / David A. Dalton, Ganti Murthy, and Steven H. Strauss -- Drugs for bugs : the potential of infochemicals mediating insect-plant-microbe interactions for plant protection and medicine / Jürgen Gross -- Hairy roots : an ideal platform for transgenic plant production and other promising applications / Abdullah B. Makhzoum ... [et al.], -- A dynamic model for phytohormone control of rhizome growth and development / Eric T. McDowell and David R. Gang.
Holdings
Withdrawn status Lost status Source of classification or shelving scheme Damaged status Not for loan Home library Current library Date acquired Total Checkouts Full call number Barcode Date last seen Price effective from Koha item type
    Dewey Decimal Classification     Tribhuvan University Central Library Tribhuvan University Central Library 09/23/2015   572.2 G154p 151574 09/23/2015 09/23/2015 Reference Collections